Responses for Show #1883 - Wednesday, November 11, 1992

1992 Tournament of Champions quarterfinal game 3.

Contestants

[<< previous game]

April McManus, a bookstore clerk and 1992 Teen Tournament champion originally from Woodbury, Minnesota

Kirk Ditzler, a doctoral student from Houston, Texas

Phil Yellman, a word processor from Albuquerque, New Mexico

[next game >>]

Jeopardy! Round responses

MATH
OWLS
SCIENCE FICTION
AFRICAN HISTORY
HODGEPODGE
"C" YOU AT THE MOVIES
    $100 18
180 Degrees

Kirk
    $100 11
Hieroglyphics

April
    $100 2
Erle Stanley Gardner

Kirk
    $100 22
South Africa

Phil
    $100 16
Velvet

Kirk
    $100 1
"Casablanca"

Kirk
    $200 29
Pi

Phil
    $200 12
(Phil: Who is Hootie the Owl?)
...
(April: [*]!)
(Alex: April, you knew that!)
(April: It just came to me!)
(Alex: Just came to you a second too late.)

Woodsy Owl

Phil
Triple Stumper
    $200 3
Collide

Phil
    $200 30
Cuba

Kirk
    $200 17
6

April
    $200 4
"Camille"

Triple Stumper
    $300 28
1

April
    $300 13
Twin Peaks

Phil
    $300 8
Frederik Pohl

Phil
    $300 25
Carthage

April
    $300 19
J. Paul Getty

Phil
    $300 5
"City Slickers"

April
    $400 27
(April: What is 6?... no, [*].)

12

April
Triple Stumper
    $400 14
butterfly

Phil
    $400 9
Andrew Greeley

Kirk
    $400 23
The Sudan

Phil
    $400 20
The Brooklyn Bridge

Phil
    $400 6
"Clan of the Cave Bear"

April
    $500 26
isosceles (or right triangle)

April
    $500 15
I Heard the Owl Call My Name

Triple Stumper
    $500 10
Karel Čapek

Kirk
    $700 24
Algeria

Phil
    $500 21
the Fosbury Flop

Phil
    $500 7
"Cat Ballou"

Kirk

Scores at the first commercial break (after clue 14):

Phil Kirk April
$1,000 $1,600 $800

Scores at the end of the Jeopardy! Round:

Phil Kirk April
$3,600 $2,000 $1,700

Double Jeopardy! Round responses

BIOGRAPHIES
HISTORIC HOMES
HALOGENS
FAMOUS WOMEN
SHAKESPEARE
THE IROQUOIS
    $200 2
Sandra Day O'Connor

Kirk
    $200 8
Stephen Foster

Kirk
    $200 16
Iodine

Kirk
    $200 17
(Kirk: What is a priest?)

bishop

PhilKirk
    $200 1
Marc Antony

Kirk
    $200 26
corn & lima beans

Phil
    $400 3
(Phil: Who is Alexander?)

Nicholas II

PhilApril
    $400 9
Emily Dickinson

Phil
    $400 18
chlorine

April
    $400 20
"Miss Manners"

Phil
    $400 4
Portia

Phil
    $400 27
divorce him

Phil
    $600 5
Benedict Arnold

Phil
    $600 10
(Phil: Who is Jim Bowie?)

Davy Crockett

PhilApril
    $600 21
radioactive

April
    $600 23
Carrie Nation

Phil
    $1,000 12
(April: What is... I have no idea.)
(Alex: Oh, you're going to hate yourself when you hear, "What is...")
(April: [*]... never seen it!)
...
(Alex: Now, April, how do you feel about Shakespeare?)
(April: I have ambivalent feelings towards it!)

King Lear

April
    $600 28
Hiawatha

April
    $800 6
Cotton Mather

Phil
    $100 11
(Alex: Why are you shaking your head, April?)
(April: I don't know anything about this category! - I'll bet $100)
(Alex: That's if you don't know anything about a particular subject, that's a wise wager: let's see if it works out for you.)
...
(April (after surprised response):
Blasphemous! I can't win!)

Susan B. Anthony

April
    $800 24
Halides/Salts

Kirk
    $800 22
Elizabeth Dole

Kirk
    $800 13
Fortinbras

April
    $800 29
6

April
    $1000 7
Sylvia Plath

Phil
    $1000 15
Daniel Chester French

Triple Stumper
    $1000 25
(Alex: Hence the word bromide. Less than a minute to go.)

bromine

Triple Stumper
    $1000 19
(Phil: Who is Mary Surratt?)

Mary Cassatt

PhilKirk
    $1000 14
Tyre

Phil
    $1000 30
The Long Houses

Triple Stumper

Scores at the end of the Double Jeopardy! Round:

Phil Kirk April
$7,600 $5,200 $5,000

Final Jeopardy! Round responses

VICE PRESIDENTS
(Alex: You remembered that President Harrison got sick at his inaugural and died a month later.)
AprilWho was John Tyler? Please Please
$4,997
KirkWho is Tyler?
$5,000
PhilWho is Gerald Ford?
$2,801
John Tyler

Final scores:

Phil Kirk April
$4,799 $10,200 $9,997
3rd place: $1,000 if eliminated + Jeopardy!/Wheel of Fortune video games for Super NES/Sega Genesis + Jeopardy! Challenge book Automatic semifinalist 2nd place: $1,000 if eliminated + Jeopardy!/Wheel of Fortune video games for Super NES/Sega Genesis + Jeopardy! Challenge book

Game dynamics:

Coryat scores:

Phil Kirk April
$7,400 $5,200 $6,700
22 R
(including 1 DD),
4 W
15 R,
1 W
15 R
(including 1 DD),
2 W
(including 1 DD)

Combined Coryat: $19,300

[game clues] [game scores] [suggest correction]

Game tape date: 1992-10-18
The J! Archive is created by fans, for fans. Scraping, republication, monetization, and malicious use prohibited; this site may use cookies and collect identifying information. See terms. The Jeopardy! game show and all elements thereof, including but not limited to copyright and trademark thereto, are the property of Jeopardy Productions, Inc. and are protected under law. This website is not affiliated with, sponsored by, or operated by Jeopardy Productions, Inc. Join the discussion at JBoard.tv.